Synchrónna, včasná ženská genitálna TBC: liečba a klinický vývoj

Bibliographic Details
Main Authors: Adam, Rudolf (Author), Solovič, Ivan, 1966- (Author)
Format: Article
Language:Slovak
PhysicalDescription:Fotogr.
ISSN:1335-4477
Subjects:

MARC

LEADER 00000nab a2200000 a 4500
001 vtls008409160
003 SK-MaSNL
005 20260303070124.0
008 140303c2005 xo wrzp 0 0slo
015 |a SNBRB2005/011  |2 snkbucl 
040 |a SNKBUCL  |b slo  |c SNKBUCL  |e AACR2 
041 0 |a slo 
044 |a xo  |c SK 
080 |a 618.11/.16-002.5-08  |2 1997 
100 1 |a Adam, Rudolf  |4 aut  |9 1059641 
245 1 0 |a Synchrónna, včasná ženská genitálna TBC: liečba a klinický vývoj  |c Rudolf Adam, Ivan Solovič 
300 |b Fotogr. 
650 0 7 |a tuberkulóza genitálna  |x ženy  |2 snkbucl  |9 1059642 
700 1 |a Solovič, Ivan,  |d 1966-  |4 aut  |9 189359 
773 0 |t Zdravotnícke noviny  |g Roč. X, č. 26 (2005)  |x 1335-4477 
773 0 8 |t Lekárske listy  |g Č. 26 (2005), s. 20-21 
852 |a SNK  |b KIS3GCP 
958 |a ME  |2 snkbucl 
999 |c 1754033  |d 1755963